Pharmacy practice / (Record no. 7712)
[ view plain ]
| 000 -LEADER | |
|---|---|
| fixed length control field | 01016cam a2200253 i 4500 |
| 001 - CONTROL NUMBER | |
| control field | 17831635 |
| 005 - DATE AND TIME OF LATEST TRANSACTION | |
| control field | 20250925115649.0 |
| 008 - FIXED-LENGTH DATA ELEMENTS--GENERAL INFORMATION | |
| fixed length control field | 130730t20132013enka b 001 0 eng c |
| 020 ## - INTERNATIONAL STANDARD BOOK NUMBER | |
| International Standard Book Number | 9780199655328 |
| 020 ## - INTERNATIONAL STANDARD BOOK NUMBER | |
| International Standard Book Number | 0199655324 |
| 050 00 - LIBRARY OF CONGRESS CALL NUMBER | |
| Classification number | RS91 |
| Item number | .P463 2013 |
| 082 00 - DEWEY DECIMAL CLASSIFICATION NUMBER | |
| Classification number | 615.1068 |
| Edition information | 23 |
| 245 10 - TITLE STATEMENT | |
| Title | Pharmacy practice / |
| Statement of responsibility, etc. | edited by Jason Hall. |
| 260 ## - PUBLICATION, DISTRIBUTION, ETC. | |
| Place of publication, distribution, etc. | united Kingdom |
| Name of publisher, distributor, etc. | Oxford University Press |
| Date of publication, distribution, etc. | 2013 |
| 300 ## - PHYSICAL DESCRIPTION | |
| Extent | xiv, 166 pages : |
| Other physical details | illustrations ; |
| Dimensions | 27 cm |
| 650 #0 - SUBJECT ADDED ENTRY--TOPICAL TERM | |
| Topical term or geographic name entry element | Pharmacy |
| General subdivision | Practice. |
| 650 12 - SUBJECT ADDED ENTRY--TOPICAL TERM | |
| Topical term or geographic name entry element | Pharmaceutical Services |
| Geographic subdivision | Great Britain. |
| 650 #7 - SUBJECT ADDED ENTRY--TOPICAL TERM | |
| Topical term or geographic name entry element | Pharmacy |
| General subdivision | Practice. |
| Source of heading or term | fast |
| Authority record control number or standard number | (OCoLC)fst01060311 |
| 700 1# - ADDED ENTRY--PERSONAL NAME | |
| Personal name | Hall, Jason |
| Titles and other words associated with a name | (Pharmacologist), |
| Relator term | editor. |
| 856 42 - ELECTRONIC LOCATION AND ACCESS | |
| Materials specified | Contributor biographical information |
| Uniform Resource Identifier | <a href="http://www.loc.gov/catdir/enhancements/fy1604/2013427205-b.html">http://www.loc.gov/catdir/enhancements/fy1604/2013427205-b.html</a> |
| 856 42 - ELECTRONIC LOCATION AND ACCESS | |
| Materials specified | Publisher description |
| Uniform Resource Identifier | <a href="http://www.loc.gov/catdir/enhancements/fy1604/2013427205-d.html">http://www.loc.gov/catdir/enhancements/fy1604/2013427205-d.html</a> |
| 856 41 - ELECTRONIC LOCATION AND ACCESS | |
| Materials specified | Table of contents only |
| Uniform Resource Identifier | <a href="http://www.loc.gov/catdir/enhancements/fy1604/2013427205-t.html">http://www.loc.gov/catdir/enhancements/fy1604/2013427205-t.html</a> |
| 942 ## - ADDED ENTRY ELEMENTS (KOHA) | |
| Source of classification or shelving scheme | Library of Congress Classification |
| Koha item type | Books |
| Suppress in OPAC | No |
| 999 ## - | |
| -- | 7712 |
| -- | 7712 |
| Withdrawn status | Lost status | Source of classification or shelving scheme | Damaged status | Not for loan | Collection | Home library | Current library | Shelving location | Date acquired | Total checkouts | Full call number | Barcode | Date last seen | Copy number | Price effective from | Koha item type |
|---|---|---|---|---|---|---|---|---|---|---|---|---|---|---|---|---|
| Library of Congress Classification | Non-fiction | Science Library (Miotso) | Science Library (Miotso) | General stacks | 09/25/2025 | RS91 .P463 2013 | SLM00004355 | 09/25/2025 | 1 | 09/25/2025 | Books | |||||
| Library of Congress Classification | Non-fiction | Science Library (Miotso) | Science Library (Miotso) | General stacks | 09/25/2025 | RS91 .P463 2013 | SLM00004356 | 09/25/2025 | 2 | 09/25/2025 | Books | |||||
| Library of Congress Classification | Non-fiction | Science Library (Miotso) | Science Library (Miotso) | General stacks | 09/25/2025 | RS91 .P463 2013 | SLM00004357 | 09/25/2025 | 3 | 09/25/2025 | Books | |||||
| Library of Congress Classification | Non-fiction | Science Library (Miotso) | Science Library (Miotso) | General stacks | 09/25/2025 | RS91 .P463 2013 | SLM00004358 | 09/25/2025 | 4 | 09/25/2025 | Books | |||||
| Library of Congress Classification | Non-fiction | Science Library (Miotso) | Science Library (Miotso) | General stacks | 09/25/2025 | RS91 .P463 2013 | SLM00004359 | 09/25/2025 | 5 | 09/25/2025 | Books |